Fußball: Stadionnamen 1991/92 - Statistiken

Allgemein
  • Dieses Quiz wurde 261 mal gespielt
  • Das Durchschnittsergebnis liegt bei 14 aus 20
Antwortstatistiken
Verein Stadion % Korrekt
Schalke 04 {Park}stadion
90%
Werder Bremen {Weser}stadion
87%
Bayern München {Olympia}stadion
86%
Borussia Dortmund {Westfalen}stadion
86%
1. FC Kaiserslautern {Fritz}-{Walter}-Stadion
85%
Eintracht Frankfurt {Wald}stadion
83%
VfL Bochum {Ruhr}stadion
80%
Hamburger SV {Volkspark}stadion
80%
Hansa Rostock {Ostsee}stadion
77%
Karlsruher SC {Wildpark}stadion
70%
VfB Stuttgart {Neckar}stadion
69%
Stuttgarter Kickers {Neckar}stadion
69%
Fortuna Düsseldorf {Rhein}stadion
68%
1. FC Köln {Müngersdorfer} Stadion
67%
Borussia Mönchengladbach {Bökelberg}stadion
58%
1. FC Nürnberg {Franken}stadion
58%
Dynamo Dresden {Rudolf}-{Harbig}-Stadion
47%
MSV Duisburg {Wedau}stadion
46%
Bayer Leverkusen {Ulrich}-{Haberland}-Stadion
43%
SG Wattenscheid 09 {Lohrheide}stadion
33%
Keine übereinstimmenden Quizze gefunden
Verteilung der Resultate
Anzahl Personen mit jedem Resultat
Perzentil nach korrekt beantworteten Fragen
Ihre Resultats-Entwicklung
Sie haben dieses Quiz noch nicht gespielt